000 00363nam a2200121Ia 4500
008 220620s9999||||xx |||||||||||||| ||und||
100 _aLuis Rodrigo
245 0 _aBile Duct Cancer
546 _aEnglish[eng]
650 _aMedicine||Gastrointestinal Oncology||Oncology||Health Sciences
856 _uhttps://www.intechopen.com/books/bile-duct-cancer
942 _cEB
999 _c21439
_d21439